| 000 -LEADER |
| fixed length control field |
01295nam a22001577a 4500 |
| 008 - FIXED-LENGTH DATA ELEMENTS--GENERAL INFORMATION |
| fixed length control field |
210122b ||||| |||| 00| 0 eng d |
| 100 ## - MAIN ENTRY--PERSONAL NAME |
| Personal name |
Rosenthal, Sturart S. and strange, William C. |
| 245 ## - TITLE STATEMENT |
| Title |
How close is close: the spatial reach of agglomeration economics |
| 260 ## - PUBLICATION, DISTRIBUTION, ETC. (IMPRINT) |
| Place of publication, distribution, etc |
The Journal of Economic Perspectives |
| 300 ## - PHYSICAL DESCRIPTION |
| Extent |
34(3), Summer, 2020: p.27-49 |
| 520 ## - SUMMARY, ETC. |
| Summary, etc |
This paper considers the attenuation of agglomeration economies. Put another way: how close is close? The paper presents evidence of agglomeration effects operating at various levels of spatial aggregation, including the regional, metropolitan, and neighborhood scales. In fact, agglomeration effects also seem to operate below the neighborhood level, including within buildings and organizations. These effects attenuate, with nearby activity exerting the strongest effects. The attenuation of agglomeration economies has implications for urban spatial structure, the microfoundations of agglomeration economies, and commercial real estate. It also affects the ability of governments and businesses to internalize agglomeration economies. – Reproduced |
| 650 ## - SUBJECT ADDED ENTRY--TOPICAL TERM |
| Topical term or geographic name as entry element |
Agglomeration effects |
| 9 (RLIN) |
23696 |
| 773 ## - HOST ITEM ENTRY |
| Main entry heading |
The Journal of Economic Perspectives |
| 906 ## - LOCAL DATA ELEMENT F, LDF (RLIN) |
| Subject DIP |
AGGLOMERATION ECONOMICS |
| 942 ## - ADDED ENTRY ELEMENTS (KOHA) |
| Item type |
Articles |